000 00489nam a2200181Ia 4500
005 20250326124151.0
008 250326s9999 xx 000 0 und d
037 _aTextbook
040 _aFMSL
_beng
_cFMSL
041 _aeng
_2eng
084 _aX:51 L35
_qFMSL
100 _aWilson R M S
245 0 _aManagement controls in marketing
_cWilson R M S
260 _aLondon
_bLondon, Heinemann
_c1973
300 _a216p
942 _cTB
_hX:51 L35
999 _c1272562
_d1272562